|
|
|
|
| LEADER |
00000nab a2200000 ar4500 |
| 001 |
vtls009468435 |
| 003 |
SK-MaSNL |
| 005 |
20260318124029.0 |
| 008 |
090203c2009 xo |||||||| 000 b|hun |
| 015 |
|
|
|a SNBRB2009/02
|2 snkbucl
|
| 038 |
|
|
|a SNKBUCL
|
| 040 |
|
|
|a DSZK
|b slo
|c DSZK
|e AACR2
|
| 041 |
0 |
|
|a hun
|
| 044 |
|
|
|a xo
|c SK
|
| 080 |
|
|
|a 37.014
|x (437.6)
|2 2001
|
| 245 |
0 |
0 |
|a Milyen reményekkel tekintünk az új évbe?
|b ha egy rosz megoldás törvényerőre emelkedik ...
|c Gyepes Aranka ... [et al.]
|
| 300 |
|
|
|b Fotogr.
|
| 648 |
|
7 |
|a 2008
|2 snkbucl
|9 317238
|
| 650 |
0 |
7 |
|a školská politika
|2 SNKPH
|9 3200
|
| 650 |
0 |
7 |
|a školský zákon
|2 snkbucl
|9 1042798
|
| 650 |
0 |
7 |
|a školstvo
|2 SNKPH
|9 19712
|
| 651 |
|
7 |
|a Slovensko
|2 SNKPH
|9 14231
|
| 700 |
1 |
|
|a Gyepes, Aranka,
|d 1952-
|4 ivr
|4 aut
|9 572395
|
| 700 |
1 |
|
|a Csáky, Erzsébet
|4 ive
|4 aut
|9 841016
|
| 700 |
1 |
|
|a Kósa, Veronika
|4 ive
|4 aut
|9 1324789
|
| 700 |
1 |
|
|a Hecht, Anna,
|d 1949-
|4 ive
|4 aut
|9 299900
|
| 700 |
1 |
|
|a Palm, Zsuzsa
|4 ive
|4 aut
|9 1324790
|
| 700 |
1 |
|
|a Pomichal, István,
|d 1965-
|4 ive
|4 aut
|9 1202947
|
| 773 |
0 |
|
|t Szabad újság
|g Évf. XVII, sz. 1 (2009), o. 8
|x 1335-6631
|
| 852 |
|
|
|a SNK
|b KIS3GCP
|
| 852 |
|
|
|a DSZK
|b KIS3GCP
|
| 958 |
|
|
|a HU
|
| 958 |
|
|
|a SK
|
| 999 |
|
|
|c 2673721
|d 2675651
|